| 000 | 00378nam a2200145Ia 4500 | ||
|---|---|---|---|
| 008 | 260223s2023 xx 000 0 und d | ||
| 020 | _a9789390619597 | ||
| 041 | _aeng | ||
| 082 | _a618.2/SHW | ||
| 100 | _aNaik Shweta | ||
| 245 |
_aObstetric & Gynecological Nursing _bGynecological Nursing |
||
| 260 |
_aNew Delhi _bCBS,Pub. _c2023 |
||
| 300 | _a201P | ||
| 650 | _aObstetric | ||
| 999 |
_c1216363 _d1216363 |
||